My year in Iraq : (Record no. 27535)

MARC details
000 -LEADER
campo de control de longitud fija 02863cam a2200397L 4500
001 - NÚMERO DE CONTROL
campo de control 40277
005 - FECHA Y HORA DE LA ÚLTIMA TRANSACCIÓN
campo de control 20230410103856.0
008 - DATOS DE LONGITUD FIJA--INFORMACIÓN GENERAL
campo de control de longitud fija 060203s2006 enk 000 u eng d
035 ## - NÚMERO DE CONTROL DEL SISTEMA
Número de control de sistema (OCoLC)ocn474709378
040 ## - FUENTE DE CATALOGACIÓN
Centro catalogador/agencia de origen DKDLA
Lengua de catalogación dan
Centro/agencia transcriptor DKDLA
020 ## - NÚMERO INTERNACIONAL ESTÁNDAR DEL LIBRO
Número Internacional Estándar del Libro 0743273893
020 ## - NÚMERO INTERNACIONAL ESTÁNDAR DEL LIBRO
Número Internacional Estándar del Libro 9780743273893
029 0# - OTRO NÚMERO DE CONTROL DE SISTEMA (OCLC)
Identificador de la biblioteca OCLC DKDLA
Número de control de sistema 32603436
029 1# - OTRO NÚMERO DE CONTROL DE SISTEMA (OCLC)
Identificador de la biblioteca OCLC DKDLA
Número de control de sistema 32879104
029 1# - OTRO NÚMERO DE CONTROL DE SISTEMA (OCLC)
Identificador de la biblioteca OCLC DKDLA
Número de control de sistema 34701210
035 ## - NÚMERO DE CONTROL DEL SISTEMA
Número de control de sistema (OCoLC)474709378
050 14 - SIGNATURA TOPOGRÁFICA DE LA BIBLIOTECA DEL CONGRESO
Número de clasificación 414 DS 79.769
Número de ítem B836m 2006
084 ## - OTRO NÚMERO DE CLASIFICACIÓN
Número de clasificación 956.704430092
Fuente del número z
049 ## - FONDOS LOCALES (OCLC)
Biblioteca depositaria GRAL
245 00 - MENCIÓN DEL TÍTULO
Título My year in Iraq :
Resto del título the struggle to build a future of hope /
Mención de responsabilidad, etc. L. Paul Bremer III with Malcolm McConnell.
260 ## - PUBLICACIÓN, DISTRIBUCIÓN, ETC.
Lugar de publicación, distribución, etc. London :
Nombre del editor, distribuidor, etc. Simon & Schuster Ltd,
Fecha de publicación, distribución, etc. 2006.
300 ## - DESCRIPCIÓN FÍSICA
Extensión 417 s. :
Otras características físicas ill.
500 ## - NOTA GENERAL
Nota general When Paul 'Jerry' Bremer, a retired diplomat and counterterrorism expert, arrived in post-war Baghdad as 'pro-consul', he was shocked. His hurried briefings in Washington by the State and Defence Departments and the C.I.A. had not prepared him for the devastation, the chaos, and the violence. With security worsening, the Iraqi army having disappeared, no viable local currency, looters running wild, the electricity system down, food supply in jeopardy and factions of Kurds, majority Shia, and the newly dispossessed Sunnis at a political standoff demanding Iraq be turned over to them. Ambassador Bremer struggled to jumpstart the economy while putting the country on the road to democracy. Bremer describes his meetings with President Bush and multiple encounters with Rumsfeld, Rice and Powell in which he pushed for additional funds for Iraq's reconstruction and warned of the dangers of prematurely turning security over to untrained Iraqi security forces and turning governance over to exiles with no plan for a constitution or elections.
500 ## - NOTA GENERAL
Nota general He describes working with Iraqi leaders on a constitution to protect individual rights and dramatizes the heroic efforts of his staff and Coalition forces to give the long-suffering Iraqi people a measure of peace and hope. Ambassador Bremer's book is vital reading if we wish to understand the immense stakes involved in this war and this troubled region.
520 8# - RESUMEN, ETC.
Sumario, etc. Describes working with Iraqi leaders on a constitution to protect individual rights and dramatizes the heroic efforts of the author's staff and Coalition forces to give the Iraqi people a measure of peace and hope. He presents an account of danger, chaos, and challenge in the Coalition's first year after the military victory over Saddam Hussein.
521 8# - NOTA DE PÚBLICO DESTINATARIO
Nota de público destinatario general.
650 #4 - PUNTO DE ACCESO ADICIONAL DE MATERIA--TÉRMINO DE MATERIA
Término de materia o nombre geográfico como elemento de entrada Postwar reconstruction - Iraq.
650 #4 - PUNTO DE ACCESO ADICIONAL DE MATERIA--TÉRMINO DE MATERIA
Término de materia o nombre geográfico como elemento de entrada Iraq War, 2003.
650 #4 - PUNTO DE ACCESO ADICIONAL DE MATERIA--TÉRMINO DE MATERIA
Término de materia o nombre geográfico como elemento de entrada Iraq - Politics and government - 2003-.
650 #0 - PUNTO DE ACCESO ADICIONAL DE MATERIA--TÉRMINO DE MATERIA
Término de materia o nombre geográfico como elemento de entrada Postwar reconstruction
Subdivisión geográfica Iraq.
650 #0 - PUNTO DE ACCESO ADICIONAL DE MATERIA--TÉRMINO DE MATERIA
Término de materia o nombre geográfico como elemento de entrada Insurgency
Subdivisión geográfica Iraq.
700 1# - ENTRADA AGREGADA--NOMBRE PERSONAL
Nombre de persona Bremer, Paul.
700 1# - ENTRADA AGREGADA--NOMBRE PERSONAL
Nombre de persona McConnell, Malcolm.
942 ## - ELEMENTOS DE ENTRADA SECUNDARIOS (KOHA)
Fuente del sistema de clasificación o colocación Clasificación de Library of Congress
Tipo de ítem Koha
946 ## - PROCESAMIENTO DE INFORMACIÓN LOCAL (OCLC)
a bc
Holdings
Estatus retirado Estado de pérdida Fuente del sistema de clasificación o colocación Estado de daño No para préstamo Colección Biblioteca de origen Biblioteca actual Ubicación en estantería Fecha de adquisición Serial enumeration / chronology Signatura topográfica completa Código de barras Visto por última vez Copia número Tipo de ítem Koha
    Clasificación de Library of Congress     Recursos Regionales Biblioteca Juan Bosch Biblioteca Juan Bosch Recursos Regionales (2do. Piso) 10/04/2023 1 414 DS 79.769 B836m 2006 00000041130 23/10/2018 1